01863nam a22002537a 4500001000500000005001700005020001800022040002900040082001000069100001900079245006800098260003600166300002400202520103900226650004501265650003001310650003501340650004101375650002401416650003601440650004101476650005701517650003501574300220240130121315.0 a9780733341571 aFISKHbengcFISKHdFISKH a808.3 aReinecke, Carl aBooks that made us :cCarl Reinecke foreword by Claudia Karavan aSydney :bHarperCollins ;c2021 a368 pages :c24 cm. aA cultural history of Australia told through our fiction. Australia's novels lie at the heart of the country. Capturing everyday lives and exceptional dreams, they have held up a mirror to the nation, reflecting the good and the bad. In this companion book to the ABC TV series, Carl Reinecke looks at the history of Australian culture through the books we have read and the stories we have told. Touching on colonial invasion, the bush myth, world wars, mass migration, the recognition of Indigenous sovereignty and the emergence of a modern, global, multicultural nation Carl examines how these pivotal events and persuasive ideas have shaped some of Australia's most influential novels, and how these books, in turn, made us. In a panoramic account of Australian fiction stretching from Marcus Clarke to Melissa Lucashenko, Patrick White to Peter Carey, and Henry Handel Richardson to Michelle de Kretser, this is a new history of key authors and compelling books that have kept us reading and made a difference for over 200 years. aBiography, Literature & Literary studies aLiterary studies: general a2D graphics: games programming aBiography & Autobiography - Literary aBiography: literary aLiterature: history & criticism aLiterary Criticism - Books & Reading aLiterary studies: fiction, novelists & prose writers aAustralasian & Pacific history